000 00975nas a2200337 4500
001 BR2015000866
003 BR-BrBNA
005 20231205125121.0
007 ta
008 230509b bl.|||p| |||| 00| 00por d
040 _aBR-BrBNA
_bpor
_cBiblioteca Nacional de Agricultura
041 _a(En)
072 _aF07; P33
100 1 _aSilva, A.S.
100 1 _aSilva, I.F.
100 1 _aBandeira, L.B.
100 1 _aDias.B.O.
100 1 _aNeto, L.F.S.
245 1 _aArgila e matéria orgânica e seus efeitos na agregação em diferentes usos do solo
650 _aMATA
650 _aSABIÁ
650 _aMIMOSA CAESAPINIAEFOLIA
650 _aBRACHIARIA DECUMBENS
650 _aARGILA
650 _aMATÉRIA ORGÂNICA
650 _aUSO DA TERRA
650 _aANÁLISE DO SOLO
773 0 _tCiência Rural (Brazil)
_xISSN 0103-8478
_g(Oct. 2014), v. 44(10) p.1783-1789
_wBR2015000866
909 _a202311
_bLúcia
_c55
_dLúcia Elande
942 _2AGRIS
_n0
_cANA
999 _c242723
_d242723